000 01019nam0a22002411 4500
001 rc\178216
005 20030307113348.8
035 _a(NLR Aleph) 005438526
090 _a4732294
_c4732294
100 _a20030307d1994 u |0rusy50 ca
101 0 _arus
102 _aRU
105 _aa |||||||||
200 1 _aПРИМЕНЕНИЕ комплексных чисел к изучению гармонических колебаний
_eМетод. разраб.
_fМ-во сел. хоз-ва и продовольствия Рос. Федерации, Гл. упр. вузов, Волгогр. с.-х. ин-т. Каф. высш. математики
_g[Сост. В.С. Корниенко]
210 _aВолгоград
_cБ. и.
_d1994
215 _a[1], 12 с.
_cграф.
_d21
702 1 _aКорниенко
_bВ. С.
_4220
712 0 2 _aВолгоградский с.-х. ин-т
_3RU\NLR\AUTH\887428
801 0 _aRU
_bNLR
_gpsbo
801 1 _aRU
_bELAR
_2rusmarc
852 _aNLR
_j94-4/2080
942 _cBOOK
980 _aNB